00308 a2200097 4500001001000000005001700010008004100027245005400068100002400122773006400146ART_1043520260410161848.0260409a 10aGradualismo, ineficacia e inestabilidad cíclica1 aOlivera, Julio H.G.0 tEconómicag- Año XVIII, Nº 1 (ene./abr. 1972)wREV7541